[Event "ODJM B 2025"]
[Site "Willingen GER"]
[Date "2025.06.10"]
[Round "4"]
[White "Boroshneva, Kassiya"]
[Black "Fabritius, Wolf"]
[Result "0-1"]
[Termination "normal"]
[Board "56"]
[WhiteElo "1464"]
[BlackElo "1551"]
[WhiteClock "00:41:15"]
[BlackClock "01:02:05"]
[PlyCount "102"]
[WhiteFideId "34177418"]
[BlackFideId "34632603"]
[EventCountry "GER"]
[EventRounds "9"]
[EventType "swiss"]
[EventDate "2025.06.07"]

1. e4 {[%clk 01:30:59]} {[%emt 00:00:02]} e6 {[%clk 01:30:55]} {[%emt
00:00:05]} 2. d4 {[%clk 01:31:22]} {[%emt 00:00:07]} d5 {[%clk 01:31:20]}
{[%emt 00:00:05]} 3. exd5 {[%clk 01:31:37]} {[%emt 00:00:15]} exd5 {[%clk
01:31:43]} {[%emt 00:00:07]} 4. Nf3 {[%clk 01:31:49]} {[%emt 00:00:17]} Nc6
{[%clk 01:32:08]} {[%emt 00:00:06]} 5. Nc3 {[%clk 01:32:10]} {[%emt 00:00:09]}
Nf6 {[%clk 01:31:57]} {[%emt 00:00:40]} 6. Bf4 {[%clk 01:31:58]} {[%emt
00:00:42]} Bb4 {[%clk 01:32:05]} {[%emt 00:00:22]} 7. a3 {[%clk 01:31:19]}
{[%emt 00:01:10]} Bxc3+ {[%clk 01:32:07]} {[%emt 00:00:28]} 8. bxc3 {[%clk
01:31:41]} {[%emt 00:00:07]} O-O {[%clk 01:32:32]} {[%emt 00:00:06]} 9. Be2
{[%clk 01:31:50]} {[%emt 00:00:21]} Ne4 {[%clk 01:32:36]} {[%emt 00:00:26]} 10.
Qd3 {[%clk 01:28:56]} {[%emt 00:03:24]} Bf5 {[%clk 01:31:04]} {[%emt 00:02:02]}
11. O-O {[%clk 01:27:40]} {[%emt 00:01:46]} Ng3 {[%clk 01:29:00]} {[%emt
00:02:34]} 12. Qd2 {[%clk 01:25:33]} {[%emt 00:02:37]} Nxf1 {[%clk 01:29:01]}
{[%emt 00:00:29]} 13. Bxf1 {[%clk 01:25:38]} {[%emt 00:00:24]} Re8 {[%clk
01:28:47]} {[%emt 00:00:44]} 14. Rb1 {[%clk 01:22:44]} {[%emt 00:03:25]} Rb8
{[%clk 01:28:11]} {[%emt 00:01:06]} 15. Rb5 {[%clk 01:20:06]} {[%emt 00:03:09]}
Qd7 {[%clk 01:26:34]} {[%emt 00:02:07]} 16. c4 {[%clk 01:16:09]} {[%emt
00:04:27]} Be6 {[%clk 01:22:50]} {[%emt 00:04:13]} 17. Ne5 {[%clk 01:12:03]}
{[%emt 00:04:37]} Nxe5 {[%clk 01:22:16]} {[%emt 00:01:04]} 18. dxe5 {[%clk
01:11:29]} {[%emt 00:01:05]} dxc4 {[%clk 01:21:23]} {[%emt 00:01:23]} 19. Qxd7
{[%clk 01:08:26]} {[%emt 00:03:31]} Bxd7 {[%clk 01:21:01]} {[%emt 00:00:53]}
20. Rc5 {[%clk 01:08:28]} {[%emt 00:00:28]} Be6 {[%clk 01:20:36]} {[%emt
00:00:55]} 21. Bxc4 {[%clk 01:07:15]} {[%emt 00:01:43]} Bxc4 {[%clk 01:20:46]}
{[%emt 00:00:21]} 22. Rxc4 {[%clk 01:07:41]} {[%emt 00:00:03]} Rbd8 {[%clk
01:21:04]} {[%emt 00:00:11]} 23. f3 {[%clk 01:07:16]} {[%emt 00:00:55]} c6
{[%clk 01:21:13]} {[%emt 00:00:22]} 24. Kf2 {[%clk 01:06:41]} {[%emt 00:01:05]}
Rd5 {[%clk 01:20:57]} {[%emt 00:00:46]} 25. Rc3 {[%clk 01:06:32]} {[%emt
00:00:39]} Red8 {[%clk 01:20:43]} {[%emt 00:00:44]} 26. Rb3 {[%clk 01:05:48]}
{[%emt 00:01:14]} b6 {[%clk 01:20:44]} {[%emt 00:00:29]} 27. Ke2 {[%clk
01:04:44]} {[%emt 00:01:33]} Rc5 {[%clk 01:20:09]} {[%emt 00:01:06]} 28. Rb2
{[%clk 01:04:32]} {[%emt 00:00:42]} Ra5 {[%clk 01:19:19]} {[%emt 00:01:19]} 29.
Rb3 {[%clk 01:04:52]} {[%emt 00:00:11]} Rd4 {[%clk 01:19:00]} {[%emt 00:00:48]}
30. Bd2 {[%clk 01:04:30]} {[%emt 00:00:52]} Rxe5+ {[%clk 01:14:44]} {[%emt
00:04:46]} 31. Be3 {[%clk 01:01:40]} {[%emt 00:03:20]} Rc4 {[%clk 01:14:39]}
{[%emt 00:00:36]} 32. Kd2 {[%clk 01:01:38]} {[%emt 00:00:32]} Rd5+ {[%clk
01:14:34]} {[%emt 00:00:35]} 33. Kc1 {[%clk 01:01:05]} {[%emt 00:01:03]} Kf8
{[%clk 01:13:35]} {[%emt 00:01:29]} 34. Bf2 {[%clk 00:58:23]} {[%emt 00:03:12]}
Ke7 {[%clk 01:12:34]} {[%emt 00:01:31]} 35. Re3+ {[%clk 00:57:29]} {[%emt
00:01:24]} Kd7 {[%clk 01:12:57]} {[%emt 00:00:06]} 36. Rb3 {[%clk 00:57:37]}
{[%emt 00:00:23]} f5 {[%clk 01:10:18]} {[%emt 00:03:09]} 37. g3 {[%clk
00:57:09]} {[%emt 00:00:57]} c5 {[%clk 01:09:57]} {[%emt 00:00:52]} 38. Be3
{[%clk 00:56:13]} {[%emt 00:01:26]} h6 {[%clk 01:09:37]} {[%emt 00:00:49]} 39.
h4 {[%clk 00:55:28]} {[%emt 00:01:15]} Kc6 {[%clk 01:06:56]} {[%emt 00:03:12]}
40. Bf2 {[%clk 00:51:16]} {[%emt 00:04:42]} f4 {[%clk 01:04:54]} {[%emt
00:02:32]} 41. g4 {[%clk 00:50:14]} {[%emt 00:01:32]} g5 {[%clk 01:02:48]}
{[%emt 00:02:35]} 42. h5 {[%clk 00:49:12]} {[%emt 00:01:32]} a5 {[%clk
01:03:00]} {[%emt 00:00:19]} 43. Be1 {[%clk 00:47:21]} {[%emt 00:02:21]} Re5
{[%clk 01:00:22]} {[%emt 00:03:07]} 44. Kd1 {[%clk 00:45:27]} {[%emt 00:02:24]}
Rd4+ {[%clk 01:00:12]} {[%emt 00:00:40]} 45. Bd2 {[%clk 00:40:40]} {[%emt
00:05:18]} Red5 {[%clk 01:00:24]} {[%emt 00:00:17]} 46. Rd3 {[%clk 00:40:42]}
{[%emt 00:00:27]} Rxd3 {[%clk 01:00:47]} {[%emt 00:00:08]} 47. cxd3 {[%clk
00:41:06]} {[%emt 00:00:06]} Rxd3 {[%clk 01:01:10]} {[%emt 00:00:06]} 48. Ke2
{[%clk 00:41:24]} {[%emt 00:00:12]} Rxa3 {[%clk 01:01:34]} {[%emt 00:00:07]}
49. Bc1 {[%clk 00:41:42]} {[%emt 00:00:12]} Rc3 {[%clk 01:01:53]} {[%emt
00:00:11]} 50. Bd2 {[%clk 00:40:58]} {[%emt 00:01:14]} Rc2 {[%clk 01:01:40]}
{[%emt 00:00:43]} 51. Ke1 {[%clk 00:41:15]} {[%emt 00:00:12]} Rxd2 {[%clk
01:02:05]} {[%emt 00:00:06]} 0-1

[Event "ODJM B 2025"]
[Site "Willingen GER"]
[Date "2025.06.10"]
[Round "4"]
[White "Hesse, Frederik"]
[Black "Peglau, Lorena"]
[Result "1/2-1/2"]
[Termination "normal"]
[Board "57"]
[WhiteElo "1663"]
[BlackElo "1464"]
[WhiteClock "00:49:05"]
[BlackClock "00:45:26"]
[PlyCount "133"]
[WhiteFideId "34600094"]
[BlackFideId "16290542"]
[EventCountry "GER"]
[EventRounds "9"]
[EventType "swiss"]
[EventDate "2025.06.07"]

1. d4 {[%clk 01:30:57]} {[%emt 00:00:33]} e6 {[%clk 01:31:17]} {[%emt
00:00:13]} 2. c4 {[%clk 01:31:05]} {[%emt 00:00:22]} d5 {[%clk 01:31:40]}
{[%emt 00:00:07]} 3. Nf3 {[%clk 01:31:11]} {[%emt 00:00:24]} Nf6 {[%clk
01:31:56]} {[%emt 00:00:13]} 4. Bg5 {[%clk 01:31:24]} {[%emt 00:00:17]} Be7
{[%clk 01:31:50]} {[%emt 00:00:37]} 5. Nc3 {[%clk 01:31:34]} {[%emt 00:00:21]}
O-O {[%clk 01:31:23]} {[%emt 00:00:57]} 6. e3 {[%clk 01:31:53]} {[%emt
00:00:11]} c6 {[%clk 01:31:10]} {[%emt 00:00:42]} 7. Bd3 {[%clk 01:31:28]}
{[%emt 00:00:56]} h6 {[%clk 01:31:13]} {[%emt 00:00:27]} 8. Bh4 {[%clk
01:31:39]} {[%emt 00:00:18]} Nbd7 {[%clk 01:30:35]} {[%emt 00:01:08]} 9. O-O
{[%clk 01:31:35]} {[%emt 00:00:35]} Bd6 {[%clk 01:27:55]} {[%emt 00:03:08]} 10.
c5 {[%clk 01:31:32]} {[%emt 00:00:34]} Bc7 {[%clk 01:28:04]} {[%emt 00:00:20]}
11. b4 {[%clk 01:31:27]} {[%emt 00:00:36]} a6 {[%clk 01:27:42]} {[%emt
00:00:52]} 12. Rb1 {[%clk 01:27:54]} {[%emt 00:04:03]} e5 {[%clk 01:27:12]}
{[%emt 00:01:00]} 13. Bf5 {[%clk 01:26:14]} {[%emt 00:02:10]} exd4 {[%clk
01:26:12]} {[%emt 00:01:30]} 14. exd4 {[%clk 01:26:07]} {[%emt 00:00:38]} g6
{[%clk 01:25:09]} {[%emt 00:01:32]} 15. Bxd7 {[%clk 01:25:33]} {[%emt
00:01:04]} Bxd7 {[%clk 01:25:31]} {[%emt 00:00:08]} 16. Ne5 {[%clk 01:25:44]}
{[%emt 00:00:20]} g5 {[%clk 01:23:19]} {[%emt 00:02:41]} 17. Bg3 {[%clk
01:23:01]} {[%emt 00:03:12]} Bf5 {[%clk 01:21:38]} {[%emt 00:02:12]} 18. Rc1
{[%clk 01:21:30]} {[%emt 00:02:02]} Nd7 {[%clk 01:19:32]} {[%emt 00:02:35]} 19.
Qf3 {[%clk 01:20:22]} {[%emt 00:01:38]} Bh7 {[%clk 01:18:07]} {[%emt 00:01:55]}
20. Nxd7 {[%clk 01:20:03]} {[%emt 00:00:49]} Qxd7 {[%clk 01:18:26]} {[%emt
00:00:12]} 21. Bxc7 {[%clk 01:20:19]} {[%emt 00:00:13]} Qxc7 {[%clk 01:18:49]}
{[%emt 00:00:07]} 22. Qf6 {[%clk 01:20:37]} {[%emt 00:00:12]} Bg6 {[%clk
01:18:28]} {[%emt 00:00:51]} 23. h4 {[%clk 01:17:21]} {[%emt 00:03:47]} g4
{[%clk 01:14:27]} {[%emt 00:04:30]} 24. h5 {[%clk 01:16:37]} {[%emt 00:01:14]}
Bxh5 {[%clk 01:14:39]} {[%emt 00:00:19]} 25. Qxh6 {[%clk 01:16:52]} {[%emt
00:00:14]} Bg6 {[%clk 01:14:37]} {[%emt 00:00:32]} 26. Ne2 {[%clk 01:14:00]}
{[%emt 00:03:22]} Qd7 {[%clk 01:11:57]} {[%emt 00:03:10]} 27. Ng3 {[%clk
01:13:04]} {[%emt 00:01:25]} Rae8 {[%clk 01:11:06]} {[%emt 00:01:22]} 28. Nh5
{[%clk 01:09:20]} {[%emt 00:04:14]} Bxh5 {[%clk 01:10:59]} {[%emt 00:00:38]}
29. Qxh5 {[%clk 01:09:39]} {[%emt 00:00:10]} f5 {[%clk 01:07:26]} {[%emt
00:04:03]} 30. Rce1 {[%clk 01:08:10]} {[%emt 00:01:59]} Qf7 {[%clk 01:07:16]}
{[%emt 00:00:41]} 31. Qh6 {[%clk 01:05:43]} {[%emt 00:02:56]} Qg7 {[%clk
01:03:29]} {[%emt 00:04:17]} 32. Qf4 {[%clk 01:04:03]} {[%emt 00:02:10]} Qf7
{[%clk 01:03:15]} {[%emt 00:00:44]} 33. Re3 {[%clk 01:01:49]} {[%emt 00:02:44]}
Rxe3 {[%clk 01:00:20]} {[%emt 00:03:25]} 34. fxe3 {[%clk 01:02:10]} {[%emt
00:00:08]} Kh7 {[%clk 00:56:37]} {[%emt 00:04:13]} 35. Kf2 {[%clk 00:56:50]}
{[%emt 00:05:50]} Kg6 {[%clk 00:52:13]} {[%emt 00:04:55]} 36. Rh1 {[%clk
00:56:45]} {[%emt 00:00:35]} Qg7 {[%clk 00:51:59]} {[%emt 00:00:43]} 37. Kg3
{[%clk 00:52:19]} {[%emt 00:04:57]} Rf7 {[%clk 00:48:52]} {[%emt 00:03:37]} 38.
Qe5 {[%clk 00:49:39]} {[%emt 00:03:09]} Qf6 {[%clk 00:44:38]} {[%emt 00:04:45]}
39. Qxf6+ {[%clk 00:49:00]} {[%emt 00:01:09]} Rxf6 {[%clk 00:43:53]} {[%emt
00:01:14]} 40. Rb1 {[%clk 00:48:21]} {[%emt 00:01:10]} Re6 {[%clk 00:43:37]}
{[%emt 00:00:46]} 41. Kf2 {[%clk 00:48:43]} {[%emt 00:00:08]} Kg5 {[%clk
00:43:41]} {[%emt 00:00:25]} 42. a4 {[%clk 00:49:03]} {[%emt 00:00:11]} f4
{[%clk 00:43:46]} {[%emt 00:00:25]} 43. exf4+ {[%clk 00:48:48]} {[%emt
00:00:46]} Kxf4 {[%clk 00:44:06]} {[%emt 00:00:10]} 44. g3+ {[%clk 00:48:54]}
{[%emt 00:00:24]} Ke4 {[%clk 00:44:02]} {[%emt 00:00:34]} 45. Re1+ {[%clk
00:49:11]} {[%emt 00:00:13]} Kf5 {[%clk 00:44:24]} {[%emt 00:00:08]} 46. Rd1
{[%clk 00:48:22]} {[%emt 00:01:19]} Re4 {[%clk 00:44:15]} {[%emt 00:00:38]} 47.
Rd3 {[%clk 00:48:24]} {[%emt 00:00:29]} Kg5 {[%clk 00:43:25]} {[%emt 00:01:20]}
48. Rd1 {[%clk 00:46:00]} {[%emt 00:02:54]} Kf5 {[%clk 00:43:26]} {[%emt
00:00:28]} 49. Rb1 {[%clk 00:44:22]} {[%emt 00:02:09]} Rxd4 {[%clk 00:43:33]}
{[%emt 00:00:23]} 50. b5 {[%clk 00:44:46]} {[%emt 00:00:07]} axb5 {[%clk
00:42:56]} {[%emt 00:01:06]} 51. axb5 {[%clk 00:45:07]} {[%emt 00:00:09]} Rc4
{[%clk 00:43:12]} {[%emt 00:00:14]} 52. bxc6 {[%clk 00:44:56]} {[%emt
00:00:41]} bxc6 {[%clk 00:43:35]} {[%emt 00:00:07]} 53. Rb8 {[%clk 00:45:01]}
{[%emt 00:00:25]} Rxc5 {[%clk 00:43:05]} {[%emt 00:01:00]} 54. Rf8+ {[%clk
00:45:18]} {[%emt 00:00:13]} Ke4 {[%clk 00:42:56]} {[%emt 00:00:39]} 55. Rf4+
{[%clk 00:45:38]} {[%emt 00:00:10]} Kd3 {[%clk 00:43:01]} {[%emt 00:00:24]} 56.
Rxg4 {[%clk 00:46:00]} {[%emt 00:00:09]} Rc2+ {[%clk 00:43:17]} {[%emt
00:00:13]} 57. Kf3 {[%clk 00:46:18]} {[%emt 00:00:12]} c5 {[%clk 00:43:31]}
{[%emt 00:00:16]} 58. Rg5 {[%clk 00:46:10]} {[%emt 00:00:39]} d4 {[%clk
00:43:54]} {[%emt 00:00:07]} 59. Rd5 {[%clk 00:46:18]} {[%emt 00:00:22]} c4
{[%clk 00:43:46]} {[%emt 00:00:38]} 60. g4 {[%clk 00:46:38]} {[%emt 00:00:10]}
c3 {[%clk 00:44:09]} {[%emt 00:00:06]} 61. g5 {[%clk 00:46:54]} {[%emt
00:00:15]} Re2 {[%clk 00:43:50]} {[%emt 00:00:48]} 62. Rxd4+ {[%clk 00:47:17]}
{[%emt 00:00:08]} Kxd4 {[%clk 00:43:54]} {[%emt 00:00:26]} 63. Kxe2 {[%clk
00:47:42]} {[%emt 00:00:05]} Ke5 {[%clk 00:44:14]} {[%emt 00:00:10]} 64. g6
{[%clk 00:47:56]} {[%emt 00:00:16]} Kf6 {[%clk 00:44:38]} {[%emt 00:00:05]} 65.
g7 {[%clk 00:48:18]} {[%emt 00:00:08]} Kxg7 {[%clk 00:45:03]} {[%emt 00:00:05]}
66. Kd3 {[%clk 00:48:44]} {[%emt 00:00:05]} Kf6 {[%clk 00:45:26]} {[%emt
00:00:06]} 67. Kxc3 {[%clk 00:49:05]} {[%emt 00:00:09]} 1/2-1/2

[Event "ODJM B 2025"]
[Site "Willingen GER"]
[Date "2025.06.10"]
[Round "4"]
[White "Schmitt, Bastian"]
[Black "Grunert, Greta"]
[Result "0-1"]
[Termination "normal"]
[Board "58"]
[WhiteElo "1729"]
[BlackElo "1558"]
[WhiteClock "00:50:39"]
[BlackClock "00:58:57"]
[PlyCount "50"]
[WhiteFideId "34615768"]
[BlackFideId "16258649"]
[EventCountry "GER"]
[EventRounds "9"]
[EventType "swiss"]
[EventDate "2025.06.07"]

1. Nc3 {[%clk 01:30:54]} {[%emt 00:00:06]} d5 {[%clk 01:30:42]} {[%emt
00:00:19]} 2. d4 {[%clk 01:31:13]} {[%emt 00:00:11]} Nf6 {[%clk 01:30:40]}
{[%emt 00:00:32]} 3. Bf4 {[%clk 01:31:25]} {[%emt 00:00:17]} c5 {[%clk
01:30:37]} {[%emt 00:00:33]} 4. e3 {[%clk 01:31:41]} {[%emt 00:00:14]} Bg4
{[%clk 01:30:35]} {[%emt 00:00:33]} 5. f3 {[%clk 01:31:50]} {[%emt 00:00:20]}
Bd7 {[%clk 01:30:21]} {[%emt 00:00:45]} 6. g4 {[%clk 01:28:49]} {[%emt
00:03:31]} e6 {[%clk 01:26:03]} {[%emt 00:04:48]} 7. h4 {[%clk 01:26:43]}
{[%emt 00:02:35]} Nc6 {[%clk 01:22:33]} {[%emt 00:04:01]} 8. Nb5 {[%clk
01:24:54]} {[%emt 00:02:17]} Rc8 {[%clk 01:20:12]} {[%emt 00:02:52]} 9. Nd6+
{[%clk 01:18:16]} {[%emt 00:07:08]} Bxd6 {[%clk 01:20:26]} {[%emt 00:00:17]}
10. Bxd6 {[%clk 01:18:35]} {[%emt 00:00:10]} cxd4 {[%clk 01:18:19]} {[%emt
00:02:38]} 11. exd4 {[%clk 01:18:40]} {[%emt 00:00:24]} Qb6 {[%clk 01:17:32]}
{[%emt 00:01:18]} 12. Ba3 {[%clk 01:09:04]} {[%emt 00:10:06]} Qxd4 {[%clk
01:15:52]} {[%emt 00:02:09]} 13. Bd3 {[%clk 01:05:40]} {[%emt 00:03:53]} Qe3+
{[%clk 01:12:03]} {[%emt 00:04:18]} 14. Qe2 {[%clk 01:05:54]} {[%emt 00:00:17]}
Qxe2+ {[%clk 01:12:06]} {[%emt 00:00:27]} 15. Nxe2 {[%clk 01:06:05]} {[%emt
00:00:19]} Ne5 {[%clk 01:11:59]} {[%emt 00:00:38]} 16. Kf2 {[%clk 01:05:23]}
{[%emt 00:01:12]} Nxd3+ {[%clk 01:10:39]} {[%emt 00:01:51]} 17. cxd3 {[%clk
01:05:36]} {[%emt 00:00:17]} Bb5 {[%clk 01:08:38]} {[%emt 00:02:32]} 18. Rac1
{[%clk 01:04:53]} {[%emt 00:01:13]} Kd7 {[%clk 01:08:09]} {[%emt 00:00:56]} 19.
Ke3 {[%clk 01:03:11]} {[%emt 00:02:14]} e5 {[%clk 01:06:34]} {[%emt 00:02:04]}
20. b3 {[%clk 00:58:09]} {[%emt 00:05:34]} d4+ {[%clk 01:04:50]} {[%emt
00:02:14]} 21. Kd2 {[%clk 00:58:20]} {[%emt 00:00:18]} Nd5 {[%clk 01:03:46]}
{[%emt 00:01:34]} 22. f4 {[%clk 00:51:49]} {[%emt 00:07:01]} f6 {[%clk
01:01:42]} {[%emt 00:02:34]} 23. fxe5 {[%clk 00:51:32]} {[%emt 00:00:47]} fxe5
{[%clk 01:02:08]} {[%emt 00:00:04]} 24. Rhf1 {[%clk 00:51:38]} {[%emt
00:00:24]} Ke6 {[%clk 00:59:37]} {[%emt 00:03:00]} 25. Rce1 {[%clk 00:50:39]}
{[%emt 00:01:30]} Ne3 {[%clk 00:58:57]} {[%emt 00:01:10]} 0-1

[Event "ODJM B 2025"]
[Site "Willingen GER"]
[Date "2025.06.10"]
[Round "4"]
[White "Meller, Nils"]
[Black "Kühne, Malin"]
[Result "1/2-1/2"]
[Termination "normal"]
[Board "59"]
[WhiteElo "1433"]
[BlackElo "1536"]
[WhiteClock "00:15:09"]
[BlackClock "00:10:33"]
[PlyCount "62"]
[WhiteFideId "34644962"]
[BlackFideId "34619747"]
[EventCountry "GER"]
[EventRounds "9"]
[EventType "swiss"]
[EventDate "2025.06.07"]

1. d4 {[%clk 01:30:47]} {[%emt 00:00:11]} d5 {[%clk 01:30:50]} {[%emt
00:00:12]} 2. Bf4 {[%clk 01:31:08]} {[%emt 00:00:08]} e6 {[%clk 01:30:58]}
{[%emt 00:00:23]} 3. e3 {[%clk 01:30:43]} {[%emt 00:00:55]} c5 {[%clk
01:31:05]} {[%emt 00:00:22]} 4. c3 {[%clk 01:30:50]} {[%emt 00:00:23]} Nc6
{[%clk 01:29:33]} {[%emt 00:02:03]} 5. Nd2 {[%clk 01:30:03]} {[%emt 00:01:17]}
Nf6 {[%clk 01:28:51]} {[%emt 00:01:12]} 6. Bd3 {[%clk 01:27:30]} {[%emt
00:03:01]} Bd6 {[%clk 01:23:18]} {[%emt 00:06:05]} 7. Bg3 {[%clk 01:24:52]}
{[%emt 00:03:08]} e5 {[%clk 01:10:24]} {[%emt 00:13:24]} 8. Ne2 {[%clk
01:17:14]} {[%emt 00:08:05]} O-O {[%clk 01:03:39]} {[%emt 00:07:18]} 9. O-O
{[%clk 01:13:18]} {[%emt 00:04:24]} Re8 {[%clk 00:59:28]} {[%emt 00:04:43]} 10.
dxc5 {[%clk 01:06:42]} {[%emt 00:07:06]} Bxc5 {[%clk 00:59:44]} {[%emt
00:00:14]} 11. e4 {[%clk 01:06:57]} {[%emt 00:00:14]} Bg4 {[%clk 00:56:24]}
{[%emt 00:03:50]} 12. h3 {[%clk 01:02:03]} {[%emt 00:05:24]} Bh5 {[%clk
00:55:34]} {[%emt 00:01:21]} 13. Qc2 {[%clk 00:58:21]} {[%emt 00:04:07]} h6
{[%clk 00:47:39]} {[%emt 00:08:30]} 14. Rad1 {[%clk 00:56:14]} {[%emt
00:02:32]} Qe7 {[%clk 00:43:45]} {[%emt 00:04:29]} 15. exd5 {[%clk 00:51:31]}
{[%emt 00:05:11]} Nxd5 {[%clk 00:43:29]} {[%emt 00:00:48]} 16. Ne4 {[%clk
00:50:34]} {[%emt 00:01:20]} Bb6 {[%clk 00:41:26]} {[%emt 00:02:35]} 17. Rde1
{[%clk 00:45:03]} {[%emt 00:06:05]} Rac8 {[%clk 00:39:02]} {[%emt 00:02:52]}
18. Qb3 {[%clk 00:40:36]} {[%emt 00:04:57]} Nc7 {[%clk 00:35:33]} {[%emt
00:03:52]} 19. c4 {[%clk 00:36:03]} {[%emt 00:05:12]} Ne6 {[%clk 00:31:07]}
{[%emt 00:04:57]} 20. N2c3 {[%clk 00:33:01]} {[%emt 00:03:31]} Ned4 {[%clk
00:28:16]} {[%emt 00:03:19]} 21. Nd5 {[%clk 00:31:00]} {[%emt 00:02:28]} Nxb3
{[%clk 00:25:43]} {[%emt 00:03:08]} 22. Nxe7+ {[%clk 00:30:30]} {[%emt
00:00:59]} Rxe7 {[%clk 00:26:02]} {[%emt 00:00:11]} 23. axb3 {[%clk 00:30:36]}
{[%emt 00:00:20]} Bg6 {[%clk 00:23:19]} {[%emt 00:03:16]} 24. Rd1 {[%clk
00:29:01]} {[%emt 00:02:03]} Nb4 {[%clk 00:21:41]} {[%emt 00:02:09]} 25. Nd6
{[%clk 00:23:51]} {[%emt 00:05:42]} Rc6 {[%clk 00:20:02]} {[%emt 00:02:01]} 26.
Bxg6 {[%clk 00:23:21]} {[%emt 00:01:08]} fxg6 {[%clk 00:20:12]} {[%emt
00:00:20]} 27. Ne4 {[%clk 00:22:21]} {[%emt 00:01:31]} Bd4 {[%clk 00:19:25]}
{[%emt 00:01:17]} 28. Rd2 {[%clk 00:21:12]} {[%emt 00:01:36]} Ra6 {[%clk
00:18:26]} {[%emt 00:01:28]} 29. Re2 {[%clk 00:16:30]} {[%emt 00:05:13]} Ra2
{[%clk 00:14:52]} {[%emt 00:04:03]} 30. Rb1 {[%clk 00:15:32]} {[%emt 00:01:31]}
Nc6 {[%clk 00:12:06]} {[%emt 00:03:13]} 31. Kf1 {[%clk 00:15:09]} {[%emt
00:00:56]} Ra5 {[%clk 00:10:33]} {[%emt 00:02:02]} 1/2-1/2